00998 2200313 4500001002100000005001500021035002000036007000300056008004100059020002200100040002200122082001600144084001800160090002200178100002800200245011500228250003400343300004700377650003700424700002800461850001200489504003300501264003200534336002100566337003000587338002300617999002200640990002200662INLIS00000000089414920250307094939 a0010-0325000230ta250307s2024 yoia g ind d a978-623-02-9113-5 aYOPDYOGbinderda04223a005.268 a005.268 RIN t aCB-D.11 2024-55110 aRini MulyaniePengarang10aTeori dan aplikasi manajemen operasi menggunakan POM QM for windows ver 5.2 /cRini Mulyani Sari, Evan Nugraha aCetakan Pertama: Agustus 2024 axii, 143 halaman :btabel, gambar ;c25 cm 4aKomputer--xSistem pengoperasian0 aEvan NugrahaePengarang aYOPDYOG aBibliografi: halaman 140-14331aSleman :bDeepublish,c2024 2rdacontentateks 2rdamediaatanpa perantara 2rdacarrieravolume aCB-D.11/2024-5511 aCB-D.11/2024-5511